Регионална библиотека "Любен Каравелов" - Русе

Учебник по етика (Запис номер 137190)

MARC детайли
000 -Лидер
Контролно поле с фиксирана дължина 02250nam a2200481 a 4500
003 - Код на организацията, давaща контролен номер
Контролно поле BLK
005 - Дата и час на последна редакция
Контролно поле 20240613095236.0
008 - Елементи от данни с фиксирана дължина
fixed length control field 180409b bul|||||r ||||||| ||bul||
010 ## - Наследен системен номер
LC control number KNG00143156000
040 ## - Източник на каталожния запис
Идентификатор на билиотеката - собственик на записа BLK
041 ## - Код за език
Код за езика на текст/звукозапис или на отделно заглавие Български
Код за езика КДБФ Български
072 #7 - Код за тематичната категория
Код организация bullib
Код за тематична категория Ц
Текст Редки и ценни
080 ## - УДК
Текстов определител УДК Етика. Учение за морала. Практическа философия. Вж и 37.034 ; 24
УДК код - определител по УДК 17
УДК определител (075)(092)
УДК - код + определител 17(075)(092)
080 ## - УДК
Текстов определител УДК Биографии
УДК код - определител по УДК 929
УДК - код + определител 929
100 1# - Редна дума - Автор
Автор Жане, Пол
Авторска отговорност първи автор
R(LIN) 67834
139 ## - Редно поле
Редна дума Жане, Пол
Авторски знак Жане - Ж 21
245 10 - Сведения за заглавието
Заглавие Учебник по етика
Редно поле (дума) Пол Жане; прев. от фр. Иван Андреев Георгов.
257 ## - Страна на издаване
Страна на създаване/издаване Франция
260 ## - Област на издателските данни
Име на издателя, разпространителя и проч. Христо Г. Данов
Година на издаване 1898
Печатница Пловдив : печ. Хр. Г. Данов
Място на издаване, разпространение и проч. Пловдив
300 ## - Физическа характеристика
Страници 8, 217 с.
Размери/Мащаб 22 см
380 ## - Жанр
Жанр Философия
490 ## - СЕРИИ (Колекции)
9 (RLIN) 435080
Име на серия Колекция Редки и ценни издания
500 ## - Общи забележки
Забележка На заг. с. авт. е означен Павел Жане. - Пълното име на прев. Иван А. Георгов. - Съдържа и Притурка с Кратък обзор на главните етически възгледи в историята на философията ; Етика утилитарна и етика идеалистична ; Всеобщност на морала ; Въпрос за свободата на волята.
650 #4 - Допълнително описание по предмет – тема
Основно описание – тема или топоним Етика - учебници
9 (RLIN) 281885
650 #4 - Допълнително описание по предмет – тема
Основно описание – тема или топоним Етика - история
9 (RLIN) 310567
650 #4 - Допълнително описание по предмет – тема
Основно описание – тема или топоним Философи - биографии
9 (RLIN) 271250
653 ## - Ключова дума – ненормативна
Ключова дума етика
653 ## - Ключова дума – ненормативна
Ключова дума морал
653 ## - Ключова дума – ненормативна
Ключова дума дълг
653 ## - Ключова дума – ненормативна
Ключова дума съвест
653 ## - Ключова дума – ненормативна
Ключова дума добродетели
653 ## - Ключова дума – ненормативна
Ключова дума характер
653 ## - Ключова дума – ненормативна
Ключова дума воля
659 ## - Тематичен бюлетин
Тематичен бюлетин Ц
700 1# - Други автори (авторска отговорност)
Лично име Георгов, Иван Андреев
Дати, свързани с автора 1862 - 1936
Друга информация Философ, педагог. Академик.
9 (RLIN) 53367
852 ## - Местоположение
Форматна сигнатура Рб 898
Фондова буква Редки и ценни
856 4# - Електронен адрес и достъп
Електронен формат pdf - файл
856 4# - Електронен адрес и достъп
Електронен формат pdf - файл
999 ## - СИСТЕМНИ КОНТРОЛНИ НОМЕРА
Koha biblionumber 137190
Koha biblioitemnumber 137190
942 ## - АРТИКУЛИ
Вид на библиотечния материал Книги
Скрит в OPAC Не
Периодичен библиозапис Да
944 ## - СЪЗДАВАНЕ И РЕДАКЦИЯ на ЗАПИСА
Създаване/Редакция Създаване
Дата на регистрацията/редакция 28.05.2013
Статус, дата на статуса Геновева Генчева
Служител, извършил регистрацията/редакцията 30560
944 ## - СЪЗДАВАНЕ И РЕДАКЦИЯ на ЗАПИСА
Създаване/Редакция Редакция
Дата на регистрацията/редакция 28.05.2013
Статус, дата на статуса 28.05.2013 - от С1,Р / 28.05.2013
999 ## - СИСТЕМНИ КОНТРОЛНИ НОМЕРА
Koha biblioitemnumber 137190
Наличности
Код за отписване Код за изгубен артикул Източник на класификационната схема Код за повреда Коз за рестрикции Код за отдаване Артикулен № Име на библиотеката - собственик Име на библиотеката, в която се намира в момента Статус (Текущо местоположение) Дата на вписване в системата Местоположение - отдел Цена в лева Инвентарен номер Систематично азбучна сигнатура Баркод Номер на екземпляра Цена в евро Служебна бележка Служебен тип на артикула
  Не е изгубен Universal Decimal Classification Не е повреден само за читалня Специални фондове ( старопечатни, редки и ценни, фонд М. Арнаудов) 224336 Регионална библиотека "Любен Каравелов" Русе Регионална библиотека "Любен Каравелов" Русе Редки и ценни 1898-01-01 Редки и ценни 0.18 16073 Рб 898 900000036347 1 0.09 N: стар фонд Дата: 01.01.1898 Дата инв: 16.12.2016 Бележки инв: Рц2016 Книги
Vip Innovations Ltd, Rousse, Bulgaria 2025